<?xml version="1.0" encoding="UTF-8"?>
<record
    xmlns:xsi="http://www.w3.org/2001/XMLSchema-instance"
    xsi:schemaLocation="http://www.loc.gov/MARC21/slim http://www.loc.gov/standards/marcxml/schema/MARC21slim.xsd"
    xmlns="http://www.loc.gov/MARC21/slim">

  <leader>00905nam0a22002891  4500</leader>
  <controlfield tag="001">rc\2281692</controlfield>
  <controlfield tag="005">20250623042036.0</controlfield>
  <datafield tag="035" ind1=" " ind2=" ">
    <subfield code="a">(NLR Aleph) 006560931</subfield>
  </datafield>
  <datafield tag="090" ind1=" " ind2=" ">
    <subfield code="a">6842609</subfield>
    <subfield code="c">6842609</subfield>
  </datafield>
  <datafield tag="100" ind1=" " ind2=" ">
    <subfield code="a">20110829d1977    |||y0rusy50      ca</subfield>
  </datafield>
  <datafield tag="101" ind1="0" ind2=" ">
    <subfield code="a">rus</subfield>
  </datafield>
  <datafield tag="102" ind1=" " ind2=" ">
    <subfield code="a">RU</subfield>
  </datafield>
  <datafield tag="105" ind1=" " ind2=" ">
    <subfield code="a">a   z   |||||</subfield>
  </datafield>
  <datafield tag="200" ind1="1" ind2=" ">
    <subfield code="a">&#x412;&#x43E;&#x441;&#x435;&#x43C;&#x44C; &#x43B;&#x435;&#x43A;&#x446;&#x438;&#x439; &#x43F;&#x43E; &#x43C;&#x430;&#x442;&#x435;&#x43C;&#x430;&#x442;&#x438;&#x447;&#x435;&#x441;&#x43A;&#x43E;&#x43C;&#x443; &#x430;&#x43D;&#x430;&#x43B;&#x438;&#x437;&#x443;</subfield>
    <subfield code="f">&#x410;.&#x42F;. &#x425;&#x438;&#x43D;&#x447;&#x438;&#x43D;</subfield>
  </datafield>
  <datafield tag="205" ind1=" " ind2=" ">
    <subfield code="a">4-&#x435; &#x438;&#x437;&#x434;., &#x438;&#x437;&#x43C;.</subfield>
  </datafield>
  <datafield tag="210" ind1=" " ind2=" ">
    <subfield code="a">&#x41C;&#x43E;&#x441;&#x43A;&#x432;&#x430;</subfield>
    <subfield code="c">&#x41D;&#x430;&#x443;&#x43A;&#x430;</subfield>
    <subfield code="d">1977</subfield>
  </datafield>
  <datafield tag="215" ind1=" " ind2=" ">
    <subfield code="a">279 &#x441;.</subfield>
    <subfield code="c">&#x438;&#x43B;.</subfield>
    <subfield code="d">20</subfield>
  </datafield>
  <datafield tag="606" ind1=" " ind2=" ">
    <subfield code="a">&#x41C;&#x430;&#x442;&#x435;&#x43C;&#x430;&#x442;&#x438;&#x447;&#x435;&#x441;&#x43A;&#x438;&#x439; &#x430;&#x43D;&#x430;&#x43B;&#x438;&#x437;</subfield>
    <subfield code="2">psbo</subfield>
  </datafield>
  <datafield tag="686" ind1=" " ind2=" ">
    <subfield code="a">&#x412;161&#x44F;73-2</subfield>
    <subfield code="2">rubbk</subfield>
  </datafield>
  <datafield tag="700" ind1=" " ind2="1">
    <subfield code="a">&#x425;&#x438;&#x43D;&#x447;&#x438;&#x43D;</subfield>
    <subfield code="b">&#x410;.&#x42F;.</subfield>
    <subfield code="f">1894-1959</subfield>
    <subfield code="g">&#x410;&#x43B;&#x435;&#x43A;&#x441;&#x430;&#x43D;&#x434;&#x440; &#x42F;&#x43A;&#x43E;&#x432;&#x43B;&#x435;&#x432;&#x438;&#x447;</subfield>
  </datafield>
  <datafield tag="801" ind1=" " ind2="0">
    <subfield code="a">RU</subfield>
    <subfield code="b">NLR</subfield>
    <subfield code="g">psbo</subfield>
  </datafield>
  <datafield tag="801" ind1=" " ind2="1">
    <subfield code="a">RU</subfield>
    <subfield code="b">ELAR</subfield>
    <subfield code="2">rusmarc</subfield>
  </datafield>
  <datafield tag="852" ind1=" " ind2=" ">
    <subfield code="a">NLR</subfield>
    <subfield code="j">77-3/6593</subfield>
  </datafield>
  <datafield tag="899" ind1=" " ind2=" ">
    <subfield code="a">RuMoRGB</subfield>
    <subfield code="j">&#x411; 77-25/265</subfield>
  </datafield>
  <datafield tag="899" ind1=" " ind2=" ">
    <subfield code="a">RuMoRGB</subfield>
    <subfield code="j">&#x411; 77-25/266</subfield>
  </datafield>
  <datafield tag="942" ind1=" " ind2=" ">
    <subfield code="c">BOOK</subfield>
  </datafield>
  <datafield tag="980" ind1=" " ind2=" ">
    <subfield code="a">NB</subfield>
  </datafield>
  <datafield tag="995" ind1=" " ind2=" ">
    <subfield code="5">2013-10-26</subfield>
    <subfield code="b">NLR01</subfield>
    <subfield code="c">NLR01</subfield>
    <subfield code="e">RF91</subfield>
    <subfield code="f">6560931-20</subfield>
    <subfield code="k">77-3/6593</subfield>
    <subfield code="o">0</subfield>
    <subfield code="r">BOOK</subfield>
    <subfield code="s">7736593_</subfield>
  </datafield>
  <datafield tag="995" ind1=" " ind2=" ">
    <subfield code="5">2013-11-30</subfield>
    <subfield code="b">NLR01</subfield>
    <subfield code="c">NLR01</subfield>
    <subfield code="e">OZ4</subfield>
    <subfield code="f">1-176184</subfield>
    <subfield code="k">&#x422;1 &#x412;161/&#x425;-479</subfield>
    <subfield code="o">0</subfield>
    <subfield code="r">BOOK</subfield>
    <subfield code="s">1_161479</subfield>
  </datafield>
</record>
